[Event "U12 Burschen Blitz"]
[Site "austriaU18boys"]
[Date "2020.12.11"]
[Round "4"]
[White "Konstantin Peyrer"]
[Black "Jakob19"]
[Result "0-1"]
[WhiteElo "2275"]
[BlackElo "2003"]
[Annotator "NA"]
[PlyCount "70"]
[EventDate "2020.12.11"]
[EventType "blitz"]

1. e4 {[%emt 0:00:02]} e5 {[%emt 0:00:06]} 2. Nf3 {[%emt 0:00:01]} Nf6 {[%emt 0:00:04]} 3. Nxe5 {[%emt 0:00:06]} d6 {[%emt 0:00:01]} 4. Nf3 {[%emt 0:00:01]} Nxe4 {[%emt 0:00:01]} 5. d4 {[%emt 0:00:01]} d5 {[%emt 0:00:01]} 6. Bd3 {[%emt 0:00:00]} Nc6 {[%emt 0:00:02]} 7. O-O {[%emt 0:00:01]} Be7 {[%emt 0:00:01]} 8. Re1 {[%emt 0:00:04]} Bg4 {[%emt 0:00:02]} 9. c3 {[%emt 0:00:11]} f5 {[%emt 0:00:02]} 10. Nbd2 {[%emt 0:00:01]} O-O {[%emt 0:00:03]} 11. Nf1 {[%emt 0:00:01]} Kh8 {[%emt 0:00:30]} 12. Bf4 {[%emt 0:00:11]} g5 {[%emt 0:00:11]} 13. Bd2 {[%emt 0:00:20]} h6 {[%emt 0:00:19]} 14. Ng3 {[%emt 0:00:10]} Bd6 {[%emt 0:00:20]} 15. Be2 {[%emt 0:00:18]} f4 {[%emt 0:00:14]} 16. Nf1 {[%emt 0:00:01]} Qd7 {[%emt 0:00:17]} 17. Ne5 {[%emt 0:00:12]} Nxe5 {[%emt 0:00:08]} 18. dxe5 {[%emt 0:00:00]} Bxe2 {[%emt 0:00:01]} 19. Qxe2 {[%emt 0:00:01]} Bc5 {[%emt 0:00:04]} 20. b4 {[%emt 0:00:26]} Bxf2+ {[%emt 0:00:03]} 21. Kh1 {[%emt 0:00:01]} Bxe1 {[%emt 0:00:04]} 22. Rxe1 {[%emt 0:00:01]} Rae8 {[%emt 0:00:03]} 23. c4 {[%emt 0:00:02]} Nxd2 {[%emt 0:00:06]} 24. Qxd2 {[%emt 0:00:03]} c6 {[%emt 0:00:05]} 25. Qd4 {[%emt 0:00:01]} Re6 {[%emt 0:00:03]} 26. c5 {[%emt 0:00:10]} f3 {[%emt 0:00:08]} 27. gxf3 {[%emt 0:00:04]} Rxf3 {[%emt 0:00:02]} 28. Ng3 {[%emt 0:00:01]} Rf4 {[%emt 0:00:05]} 29. Qd2 {[%emt 0:00:01]} d4 {[%emt 0:00:03]} 30. h3 {[%emt 0:00:11]} Qd5+ {[%emt 0:00:02]} 31. Kh2 {[%emt 0:00:01]} Rxe5 {[%emt 0:00:03]} 32. Rg1 {[%emt 0:00:07]} Re3 {[%emt 0:00:09]} 33. Rg2 {[%emt 0:00:08]} Rff3 {[%emt 0:00:07]} 34. Qc2 {[%emt 0:00:05]} d3 {[%emt 0:00:08]} 35. Qc3+ {[%emt 0:00:01]} Qe5 {[%emt 0:00:01] Konstantin Peyrer gibt auf (Lag: Av=0.75s, max=2.5s)} 0-1

[Event "U12 Burschen Blitz"]
[Site "austriaU18boys"]
[Date "2020.12.11"]
[Round "4"]
[White "Paligator"]
[Black "Beckenbauer23"]
[Result "1/2-1/2"]
[WhiteElo "2005"]
[BlackElo "2040"]
[Annotator "NA"]
[PlyCount "143"]
[EventDate "2020.12.11"]
[EventType "blitz"]

1. c4 {[%emt 0:00:05]} Nf6 {[%emt 0:00:03]} 2. g3 {[%emt 0:00:03]} c5 {[%emt 0:00:04]} 3. Bg2 {[%emt 0:00:01]} d5 {[%emt 0:00:03]} 4. cxd5 {[%emt 0:00:02]} Nxd5 {[%emt 0:00:03]} 5. Nc3 {[%emt 0:00:01]} Nc7 {[%emt 0:00:03]} 6. Nf3 {[%emt 0:00:03]} Nc6 {[%emt 0:00:02]} 7. O-O {[%emt 0:00:01]} e5 {[%emt 0:00:03]} 8. a3 {[%emt 0:00:01]} f6 {[%emt 0:00:03]} 9. e3 {[%emt 0:00:01]} Be7 {[%emt 0:00:04]} 10. d4 {[%emt 0:00:01]} cxd4 {[%emt 0:00:02]} 11. exd4 {[%emt 0:00:01]} exd4 {[%emt 0:00:01]} 12. Ne2 {[%emt 0:00:01]} Ne6 {[%emt 0:00:03]} 13. b4 {[%emt 0:00:14]} O-O {[%emt 0:00:05]} 14. Bb2 {[%emt 0:00:01]} d3 {[%emt 0:00:02]} 15. Nc1 {[%emt 0:00:02]} d2 {[%emt 0:00:08]} 16. Qxd2 {[%emt 0:00:13]} Qxd2 {[%emt 0:00:32]} 17. Nxd2 {[%emt 0:00:00]} Ned4 {[%emt 0:00:02]} 18. Ncb3 {[%emt 0:00:09]} Nxb3 {[%emt 0:00:04]} 19. Nxb3 {[%emt 0:00:00]} Be6 {[%emt 0:00:02]} 20. Nd4 {[%emt 0:00:14]} Nxd4 {[%emt 0:00:37]} 21. Bxd4 {[%emt 0:00:00]} Rfd8 {[%emt 0:00:01]} 22. Be3 {[%emt 0:00:02]} Bd5 {[%emt 0:00:02] Beckenbauer23 bietet Remis} 23. Rfc1 {[%emt 0:00:11]} Bxg2 {[%emt 0:00:02]} 24. Kxg2 {[%emt 0:00:00]} Bd6 {[%emt 0:00:04]} 25. Rc4 {[%emt 0:00:11]} a5 {[%emt 0:00:24]} 26. Bb6 {[%emt 0:00:09]} Rdc8 {[%emt 0:00:40]} 27. Rxc8+ {[%emt 0:00:03]} Rxc8 {[%emt 0:00:00]} 28. Bxa5 {[%emt 0:00:03]} Kf7 {[%emt 0:00:08]} 29. Rd1 {[%emt 0:00:05]} Ke6 {[%emt 0:00:02]} 30. Rd3 {[%emt 0:00:01]} Rc2 {[%emt 0:00:04]} 31. Bb6 {[%emt 0:00:02]} Rc6 {[%emt 0:00:04]} 32. Be3 {[%emt 0:00:02]} Ra6 {[%emt 0:00:02]} 33. h4 {[%emt 0:00:02]} h5 {[%emt 0:00:03]} 34. Rb3 {[%emt 0:00:02]} Kd5 {[%emt 0:00:04]} 35. Rc3 {[%emt 0:00:15] Beckenbauer23 bietet Remis} Ra8 {[%emt 0:00:06]} 36. Kf3 {[%emt 0:00:03]} Be5 {[%emt 0:00:04]} 37. Rd3+ {[%emt 0:00:01]} Ke6 {[%emt 0:00:01]} 38. Ke2 {[%emt 0:00:08]} Rc8 {[%emt 0:00:03]} 39. Kd2 {[%emt 0:00:02]} Bb2 {[%emt 0:00:03]} 40. Bc5 {[%emt 0:00:15]} Ra8 {[%emt 0:00:09]} 41. Kc2 {[%emt 0:00:10]} Bxa3 {[%emt 0:00:04]} 42. Rd6+ {[%emt 0:00:02]} Ke5 {[%emt 0:00:01]} 43. Rd7 {[%emt 0:00:01]} b6 {[%emt 0:00:03]} 44. Bxb6 {[%emt 0:00:13]} Bxb4 {[%emt 0:00:01]} 45. Rxg7 {[%emt 0:00:01]} Kf5 {[%emt 0:00:00]} 46. Bd4 {[%emt 0:00:03]} Rd8 {[%emt 0:00:03]} 47. Be3 {[%emt 0:00:03]} Rc8+ {[%emt 0:00:07]} 48. Kd3 {[%emt 0:00:02]} Bd6 {[%emt 0:00:01]} 49. Ke2 {[%emt 0:00:04]} Be5 {[%emt 0:00:01]} 50. Kf3 {[%emt 0:00:01]} Rc3 {[%emt 0:00:00]} 51. Kg2 {[%emt 0:00:03]} Rc4 {[%emt 0:00:01]} 52. Ra7 {[%emt 0:00:05]} Rb4 {[%emt 0:00:02]} 53. Ra5 {[%emt 0:00:02]} Kg6 {[%emt 0:00:03]} 54. Kf3 {[%emt 0:00:05]} Bd4 {[%emt 0:00:01]} 55. Bxd4 {[%emt 0:00:04]} Rxd4 {[%emt 0:00:00]} 56. Ra3 {[%emt 0:00:04]} Rb4 {[%emt 0:00:01] Beckenbauer23 bietet Remis} 57. Re3 {[%emt 0:00:05]} Ra4 {[%emt 0:00:02]} 58. Re4 {[%emt 0:00:04]} Ra3+ {[%emt 0:00:02]} 59. Kf4 {[%emt 0:00:01]} Ra2 {[%emt 0:00:01]} 60. f3 {[%emt 0:00:01]} Ra5 {[%emt 0:00:01]} 61. g4 {[%emt 0:00:03]} Rb5 {[%emt 0:00:07]} 62. Ra4 {[%emt 0:00:03]} Rc5 {[%emt 0:00:01]} 63. Ra8 {[%emt 0:00:02]} Rc4+ {[%emt 0:00:02]} 64. Kg3 {[%emt 0:00:01]} hxg4 {[%emt 0:00:00]} 65. fxg4 {[%emt 0:00:00]} Rc3+ {[%emt 0:00:00]} 66. Kf4 {[%emt 0:00:03]} Rc4+ {[%emt 0:00:00]} 67. Kf3 {[%emt 0:00:01]} Rc3+ {[%emt 0:00:00]} 68. Ke2 {[%emt 0:00:03]} Rh3 {[%emt 0:00:01]} 69. h5+ {[%emt 0:00:06]} Kg5 {[%emt 0:00:00]} 70. Rg8+ {[%emt 0:00:01]} Kf4 {[%emt 0:00:00]} 71. Rg6 {[%emt 0:00:01]} f5 {[%emt 0:00:03]} 72. gxf5 {[%emt 0:00:08] Paligator offers a draw} 1/2-1/2

[Event "U12 Burschen Blitz"]
[Site "austriaU18boys"]
[Date "2020.12.11"]
[Round "4"]
[White "Kreuzturm"]
[Black "Dagobert Duck"]
[Result "0-1"]
[WhiteElo "1953"]
[BlackElo "2016"]
[Annotator "NA"]
[PlyCount "80"]
[EventDate "2020.12.11"]
[EventType "blitz"]

1. d4 {[%emt 0:00:04]} d6 {[%emt 0:00:01]} 2. Nf3 {[%emt 0:00:06]} g6 {[%emt 0:00:01]} 3. g3 {[%emt 0:00:01]} Bg7 {[%emt 0:00:01]} 4. Bg2 {[%emt 0:00:01]} Nf6 {[%emt 0:00:00]} 5. c4 {[%emt 0:00:01]} O-O {[%emt 0:00:01]} 6. O-O {[%emt 0:00:02]} Nbd7 {[%emt 0:00:01]} 7. Nc3 {[%emt 0:00:02]} e5 {[%emt 0:00:01]} 8. e4 {[%emt 0:00:01]} exd4 {[%emt 0:00:01]} 9. Nxd4 {[%emt 0:00:02]} Re8 {[%emt 0:00:01]} 10. Re1 {[%emt 0:00:12]} a6 {[%emt 0:00:02]} 11. h3 {[%emt 0:00:01]} Rb8 {[%emt 0:00:01]} 12. Be3 {[%emt 0:00:03]} c5 {[%emt 0:00:04]} 13. Nc2 {[%emt 0:00:21]} b5 {[%emt 0:00:01]} 14. Bf4 {[%emt 0:00:06]} Ne5 {[%emt 0:00:11]} 15. Bxe5 {[%emt 0:00:13]} dxe5 {[%emt 0:00:18]} 16. Ne3 {[%emt 0:00:28]} Qd4 {[%emt 0:00:16]} 17. Qc2 {[%emt 0:00:16]} Qd6 {[%emt 0:00:30]} 18. Rad1 {[%emt 0:00:11]} Qc6 {[%emt 0:00:03]} 19. Rd2 {[%emt 0:00:12]} Be6 {[%emt 0:00:04]} 20. Ncd5 {[%emt 0:00:48]} Bxd5 {[%emt 0:00:43]} 21. exd5 {[%emt 0:00:14]} Qd6 {[%emt 0:00:01]} 22. b3 {[%emt 0:00:06]} Bh6 {[%emt 0:00:05]} 23. Rde2 {[%emt 0:00:02]} Bxe3 {[%emt 0:00:10]} 24. Rxe3 {[%emt 0:00:01]} b4 {[%emt 0:00:02]} 25. Qe2 {[%emt 0:00:03]} Nd7 {[%emt 0:00:03]} 26. f4 {[%emt 0:00:07]} f6 {[%emt 0:00:01]} 27. fxe5 {[%emt 0:00:01]} Rxe5 {[%emt 0:00:01]} 28. Rxe5 {[%emt 0:00:02]} Nxe5 {[%emt 0:00:01]} 29. Kh2 {[%emt 0:00:01]} a5 {[%emt 0:00:01]} 30. Rf1 {[%emt 0:00:05]} Kg7 {[%emt 0:00:02]} 31. Qf2 {[%emt 0:00:02]} Re8 {[%emt 0:00:02]} 32. Re1 {[%emt 0:00:02]} Re7 {[%emt 0:00:04]} 33. Qf1 {[%emt 0:00:06]} Qd8 {[%emt 0:00:09]} 34. Re4 {[%emt 0:00:04]} Qe8 {[%emt 0:00:06]} 35. Qe2 {[%emt 0:00:03]} f5 {[%emt 0:00:08]} 36. d6 {[%emt 0:00:01]} fxe4 {[%emt 0:00:14]} 37. dxe7 {[%emt 0:00:02]} Qxe7 {[%emt 0:00:15]} 38. Qxe4 {[%emt 0:00:01]} h5 {[%emt 0:00:05]} 39. Qd5 {[%emt 0:00:01]} h4 {[%emt 0:00:04]} 40. Qxc5 {[%emt 0:00:01]} Qxc5 {[%emt 0:00:02] Kreuzturm resigns} 0-1

[Event "U12 Burschen Blitz"]
[Site "austriaU18boys"]
[Date "2020.12.11"]
[Round "4"]
[White "Pernerstorfer_Max"]
[Black "UrosN"]
[Result "1-0"]
[WhiteElo "1869"]
[BlackElo "1927"]
[Annotator "NA"]
[PlyCount "71"]
[EventDate "2020.12.11"]
[EventType "blitz"]

1. e4 {[%emt 0:00:02] UrosN reconnected.} e5 {[%emt 0:00:19]} 2. Nf3 {[%emt 0:00:02]} Nc6 {[%emt 0:00:01]} 3. Bc4 {[%emt 0:00:01]} Nf6 {[%emt 0:00:01]} 4. d3 {[%emt 0:00:01]} Bc5 {[%emt 0:00:01]} 5. O-O {[%emt 0:00:02]} O-O {[%emt 0:00:01]} 6. c3 {[%emt 0:00:01]} d6 {[%emt 0:00:01]} 7. Nbd2 {[%emt 0:00:02]} Bb6 {[%emt 0:00:03]} 8. Bb3 {[%emt 0:00:05]} Ne7 {[%emt 0:00:01]} 9. Nc4 {[%emt 0:00:04]} Ng6 {[%emt 0:00:02]} 10. h3 {[%emt 0:00:09]} Be6 {[%emt 0:00:02]} 11. Re1 {[%emt 0:00:43]} Nh5 {[%emt 0:00:33]} 12. Nxb6 {[%emt 0:00:15]} axb6 {[%emt 0:00:05]} 13. Bg5 {[%emt 0:00:34]} Bxb3 {[%emt 0:00:14]} 14. axb3 {[%emt 0:00:08]} Rxa1 {[%emt 0:00:03]} 15. Qxa1 {[%emt 0:00:00]} Qa8 {[%emt 0:00:01]} 16. g3 {[%emt 0:00:05]} h6 {[%emt 0:00:09]} 17. Be3 {[%emt 0:00:04]} Nf6 {[%emt 0:00:02]} 18. b4 {[%emt 0:00:02]} Ne7 {[%emt 0:00:18]} 19. c4 {[%emt 0:00:08]} b5 {[%emt 0:00:15]} 20. cxb5 {[%emt 0:00:06]} Nd7 {[%emt 0:00:18]} 21. Qa5 {[%emt 0:00:06]} Qxa5 {[%emt 0:00:05]} 22. bxa5 {[%emt 0:00:00]} Ra8 {[%emt 0:00:11]} 23. b4 {[%emt 0:00:05]} f5 {[%emt 0:00:07]} 24. Rc1 {[%emt 0:00:05]} c6 {[%emt 0:00:05]} 25. exf5 {[%emt 0:00:13]} c5 {[%emt 0:00:19]} 26. bxc5 {[%emt 0:00:12]} dxc5 {[%emt 0:00:03]} 27. Ra1 {[%emt 0:00:11]} Nxf5 {[%emt 0:00:04]} 28. Bd2 {[%emt 0:00:02]} Nd4 {[%emt 0:00:08]} 29. Nxd4 {[%emt 0:00:01]} exd4 {[%emt 0:00:00]} 30. Re1 {[%emt 0:00:02]} Kf7 {[%emt 0:00:04]} 31. Re4 {[%emt 0:00:05]} Re8 {[%emt 0:00:18]} 32. f3 {[%emt 0:00:16]} Rxe4 {[%emt 0:00:07]} 33. fxe4 {[%emt 0:00:00]} Ke8 {[%emt 0:00:01]} 34. Bf4 {[%emt 0:00:04]} Kd8 {[%emt 0:00:04]} 35. Kf2 {[%emt 0:00:02]} Kc8 {[%emt 0:00:03]} 36. Bd6 {[%emt 0:00:03] TimeB UrosN reconnected.} 1-0

[Event "U12 Burschen Blitz"]
[Site "austriaU18boys"]
[Date "2020.12.11"]
[Round "4"]
[White "Couvervan"]
[Black "Jules2520"]
[Result "0-1"]
[WhiteElo "1693"]
[BlackElo "1626"]
[Annotator "NA"]
[PlyCount "98"]
[EventDate "2020.12.11"]
[EventType "blitz"]

1. e4 {[%emt 0:00:02]} e5 {[%emt 0:00:02]} 2. Bc4 {[%emt 0:00:02]} Nc6 {[%emt 0:00:05]} 3. Nf3 {[%emt 0:00:02]} Bc5 {[%emt 0:00:03]} 4. c3 {[%emt 0:00:08]} Nf6 {[%emt 0:00:01]} 5. d3 {[%emt 0:00:04]} O-O {[%emt 0:00:02]} 6. Bb3 {[%emt 0:00:03]} d5 {[%emt 0:00:03]} 7. Nbd2 {[%emt 0:00:07]} Be6 {[%emt 0:00:17]} 8. O-O {[%emt 0:00:09]} h6 {[%emt 0:00:05]} 9. Re1 {[%emt 0:00:10]} Re8 {[%emt 0:00:13]} 10. Nf1 {[%emt 0:00:08]} Qd7 {[%emt 0:00:03]} 11. Bc2 {[%emt 0:00:21]} Ng4 {[%emt 0:00:15]} 12. Ne3 {[%emt 0:00:19]} Nxe3 {[%emt 0:00:03]} 13. Bxe3 {[%emt 0:00:05]} Bxe3 {[%emt 0:00:01]} 14. Rxe3 {[%emt 0:00:05]} Rad8 {[%emt 0:00:03]} 15. Re1 {[%emt 0:00:08]} dxe4 {[%emt 0:00:12]} 16. dxe4 {[%emt 0:00:05]} Qxd1 {[%emt 0:00:13]} 17. Rexd1 {[%emt 0:00:03]} f6 {[%emt 0:00:03]} 18. Kf1 {[%emt 0:00:12]} Na5 {[%emt 0:00:07]} 19. b3 {[%emt 0:00:10]} Kf7 {[%emt 0:00:05]} 20. Ke2 {[%emt 0:00:06]} b6 {[%emt 0:00:22]} 21. Rxd8 {[%emt 0:00:02]} Rxd8 {[%emt 0:00:01]} 22. Rd1 {[%emt 0:00:00]} Rxd1 {[%emt 0:00:04]} 23. Kxd1 {[%emt 0:00:04]} Nb7 {[%emt 0:00:03]} 24. Nd2 {[%emt 0:00:04]} Nd6 {[%emt 0:00:03]} 25. f3 {[%emt 0:00:05]} Ke7 {[%emt 0:00:03]} 26. c4 {[%emt 0:00:04]} Nb7 {[%emt 0:00:10]} 27. Nb1 {[%emt 0:00:01]} a5 {[%emt 0:00:03]} 28. Nc3 {[%emt 0:00:02]} Kd7 {[%emt 0:00:07]} 29. a3 {[%emt 0:00:06]} Nd8 {[%emt 0:00:08]} 30. Kd2 {[%emt 0:00:15]} Nc6 {[%emt 0:00:01]} 31. Nb5 {[%emt 0:00:14]} a4 {[%emt 0:00:07]} 32. Kc3 {[%emt 0:00:04]} axb3 {[%emt 0:00:04]} 33. Bxb3 {[%emt 0:00:00]} Na5 {[%emt 0:00:07]} 34. Ba2 {[%emt 0:00:01]} Kc6 {[%emt 0:00:07]} 35. a4 {[%emt 0:00:05]} Nb7 {[%emt 0:00:04]} 36. Na7+ {[%emt 0:00:06]} Kd7 {[%emt 0:00:03]} 37. Nb5 {[%emt 0:00:08]} Nc5 {[%emt 0:00:01]} 38. Kb4 {[%emt 0:00:03]} Nd3+ {[%emt 0:00:02]} 39. Kc3 {[%emt 0:00:06]} Ne1 {[%emt 0:00:01]} 40. a5 {[%emt 0:00:03]} bxa5 {[%emt 0:00:03]} 41. h4 {[%emt 0:00:11]} Nxg2 {[%emt 0:00:02]} 42. Bb1 {[%emt 0:00:01]} Nxh4 {[%emt 0:00:04]} 43. c5 {[%emt 0:00:01]} Nxf3 {[%emt 0:00:05]} 44. Bd3 {[%emt 0:00:04]} h5 {[%emt 0:00:04]} 45. Na7 {[%emt 0:00:01]} c6 {[%emt 0:00:02]} 46. Ba6 {[%emt 0:00:04]} Kc7 {[%emt 0:00:02]} 47. Be2 {[%emt 0:00:05]} Bg4 {[%emt 0:00:04]} 48. Kd3 {[%emt 0:00:01]} Nd4 {[%emt 0:00:03]} 49. Bxg4 {[%emt 0:00:01]} hxg4 {[%emt 0:00:00] Couvervan resigns} 0-1

[Event "U12 Burschen Blitz"]
[Site "austriaU18boys"]
[Date "2020.12.11"]
[Round "4"]
[White "Nicolas Moser"]
[Black "Aljoscha7"]
[Result "1-0"]
[WhiteElo "1610"]
[BlackElo "1460"]
[Annotator "NA"]
[PlyCount "73"]
[EventDate "2020.12.11"]
[EventType "blitz"]

1. e4 {[%emt 0:00:02]} c6 {[%emt 0:00:26]} 2. d4 {[%emt 0:00:02]} d5 {[%emt 0:00:02]} 3. exd5 {[%emt 0:00:00]} cxd5 {[%emt 0:00:00]} 4. Bd3 {[%emt 0:00:00]} Nf6 {[%emt 0:00:01]} 5. c3 {[%emt 0:00:01]} Nc6 {[%emt 0:00:01]} 6. Bg5 {[%emt 0:00:01]} Bg4 {[%emt 0:00:01]} 7. Nf3 {[%emt 0:00:03]} e6 {[%emt 0:00:03]} 8. Nbd2 {[%emt 0:00:02]} Be7 {[%emt 0:00:01]} 9. Qb3 {[%emt 0:00:06]} Qc7 {[%emt 0:00:05]} 10. O-O {[%emt 0:00:05]} O-O {[%emt 0:00:03]} 11. Bb1 {[%emt 0:00:27]} Bh5 {[%emt 0:00:05]} 12. Re1 {[%emt 0:00:37]} Bg6 {[%emt 0:00:37]} 13. Bxg6 {[%emt 0:00:04]} hxg6 {[%emt 0:00:00]} 14. Ne5 {[%emt 0:00:04]} Rac8 {[%emt 0:00:04]} 15. Re3 {[%emt 0:00:21]} Na5 {[%emt 0:00:27]} 16. Qd1 {[%emt 0:00:14]} Nc4 {[%emt 0:00:21]} 17. Ndxc4 {[%emt 0:00:10]} dxc4 {[%emt 0:00:00]} 18. Rh3 {[%emt 0:00:08]} Nd5 {[%emt 0:00:08]} 19. Bxe7 {[%emt 0:00:11]} Nxe7 {[%emt 0:00:08]} 20. Qg4 {[%emt 0:00:09]} Nf5 {[%emt 0:00:16]} 21. Re1 {[%emt 0:00:31]} Qa5 {[%emt 0:00:32]} 22. Nxg6 {[%emt 0:00:10]} fxg6 {[%emt 0:00:04]} 23. Qxg6 {[%emt 0:00:02]} Rf6 {[%emt 0:00:06]} 24. Qh7+ {[%emt 0:00:08]} Kf7 {[%emt 0:00:02]} 25. Qh5+ {[%emt 0:00:01]} Ke7 {[%emt 0:00:12]} 26. a3 {[%emt 0:00:01]} Qc7 {[%emt 0:00:06]} 27. Qe2 {[%emt 0:00:04]} Qd6 {[%emt 0:00:02]} 28. Rh7 {[%emt 0:00:02]} Kf7 {[%emt 0:00:02]} 29. Rh3 {[%emt 0:00:02]} Re8 {[%emt 0:00:01]} 30. Qh5+ {[%emt 0:00:02]} Kf8 {[%emt 0:00:03]} 31. Qh8+ {[%emt 0:00:02]} Kf7 {[%emt 0:00:01]} 32. Qh5+ {[%emt 0:00:02]} Kf8 {[%emt 0:00:01]} 33. Qg4 {[%emt 0:00:04]} e5 {[%emt 0:00:01]} 34. Rh8+ {[%emt 0:00:04]} Kf7 {[%emt 0:00:01]} 35. Qh5+ {[%emt 0:00:02]} Ke6 {[%emt 0:00:05]} 36. Qxe8+ {[%emt 0:00:02]} Kd5 {[%emt 0:00:02]} 37. Rxe5+ {[%emt 0:00:02] TimeB} 1-0

[Event "U12 Burschen Blitz"]
[Site "austriaU18boys"]
[Date "2020.12.11"]
[Round "4"]
[White "Schröttner Tobias"]
[Black "Laurin3006"]
[Result "1-0"]
[WhiteElo "1594"]
[BlackElo "1621"]
[Annotator "NA"]
[PlyCount "93"]
[EventDate "2020.12.11"]
[EventType "blitz"]

1. e4 {[%emt 0:00:03]} c6 {[%emt 0:00:02]} 2. d4 {[%emt 0:00:01]} d5 {[%emt 0:00:01]} 3. exd5 {[%emt 0:00:00]} cxd5 {[%emt 0:00:01]} 4. c4 {[%emt 0:00:00]} Nf6 {[%emt 0:00:02]} 5. Nc3 {[%emt 0:00:01]} Nc6 {[%emt 0:00:02]} 6. Nf3 {[%emt 0:00:01]} e6 {[%emt 0:00:02]} 7. Bg5 {[%emt 0:00:02]} Be7 {[%emt 0:00:01]} 8. c5 {[%emt 0:00:02]} O-O {[%emt 0:00:03]} 9. Bb5 {[%emt 0:00:02]} Ne4 {[%emt 0:00:06]} 10. Bxe7 {[%emt 0:00:04]} Nxe7 {[%emt 0:00:04]} 11. O-O {[%emt 0:00:05]} Nxc3 {[%emt 0:00:23]} 12. bxc3 {[%emt 0:00:00]} Qa5 {[%emt 0:00:01]} 13. c4 {[%emt 0:00:10]} a6 {[%emt 0:00:09]} 14. Qa4 {[%emt 0:00:13]} axb5 {[%emt 0:00:04]} 15. Qxa5 {[%emt 0:00:02]} Rxa5 {[%emt 0:00:01]} 16. cxd5 {[%emt 0:00:06]} Nxd5 {[%emt 0:00:02]} 17. Ne5 {[%emt 0:00:01]} f6 {[%emt 0:00:17]} 18. Nd3 {[%emt 0:00:03]} Bd7 {[%emt 0:00:06]} 19. Rfc1 {[%emt 0:00:04]} Bc6 {[%emt 0:00:06]} 20. Re1 {[%emt 0:00:28]} Kf7 {[%emt 0:00:05]} 21. f3 {[%emt 0:00:18]} Rfa8 {[%emt 0:00:07]} 22. Re2 {[%emt 0:00:03]} Nc3 {[%emt 0:00:10]} 23. Rc2 {[%emt 0:00:04]} Nxa2 {[%emt 0:00:17]} 24. Kf2 {[%emt 0:00:11]} Bd5 {[%emt 0:00:15]} 25. Rb1 {[%emt 0:00:08]} b4 {[%emt 0:00:08]} 26. Kg3 {[%emt 0:00:04]} b3 {[%emt 0:00:02]} 27. Rcb2 {[%emt 0:00:08]} Ra4 {[%emt 0:00:09]} 28. Nf4 {[%emt 0:00:05]} Rxd4 {[%emt 0:00:14]} 29. Nxd5 {[%emt 0:00:02]} Rxd5 {[%emt 0:00:01]} 30. Rxb3 {[%emt 0:00:01]} Rxc5 {[%emt 0:00:03]} 31. Rxb7+ {[%emt 0:00:01]} Kg6 {[%emt 0:00:04]} 32. Re7 {[%emt 0:00:07]} Rg5+ {[%emt 0:00:05]} 33. Kh3 {[%emt 0:00:02]} Nc3 {[%emt 0:00:14]} 34. Rbb7 {[%emt 0:00:08]} Kh6 {[%emt 0:00:01]} 35. Rxe6 {[%emt 0:00:09]} Ra2 {[%emt 0:00:13]} 36. g4 {[%emt 0:00:04]} Ne2 {[%emt 0:00:09]} 37. Re4 {[%emt 0:00:07]} Ng1+ {[%emt 0:00:12]} 38. Kg3 {[%emt 0:00:03]} f5 {[%emt 0:00:01]} 39. Re6+ {[%emt 0:00:43]} Rg6 {[%emt 0:00:01]} 40. Rxg6+ {[%emt 0:00:15]} hxg6 {[%emt 0:00:01]} 41. gxf5 {[%emt 0:00:02]} gxf5 {[%emt 0:00:01]} 42. Rb6+ {[%emt 0:00:01]} g6 {[%emt 0:00:02]} 43. Rb8 {[%emt 0:00:01]} Ne2+ {[%emt 0:00:02]} 44. Kh3 {[%emt 0:00:01]} Nf4+ {[%emt 0:00:01]} 45. Kg3 {[%emt 0:00:01]} Kg5 {[%emt 0:00:01]} 46. h4+ {[%emt 0:00:02]} Kh5 {[%emt 0:00:04]} 47. Rh8# {[%emt 0:00:02] Mate Mate} 1-0

[Event "U12 Burschen Blitz"]
[Site "austriaU18boys"]
[Date "2020.12.11"]
[Round "4"]
[White "XsuperMario"]
[Black "Flotschiiii"]
[Result "0-1"]
[WhiteElo "1591"]
[BlackElo "1664"]
[Annotator "NA"]
[PlyCount "62"]
[EventDate "2020.12.11"]
[EventType "blitz"]

1. d4 {[%emt 0:00:03]} d5 {[%emt 0:00:01]} 2. c4 {[%emt 0:00:00]} e6 {[%emt 0:00:02]} 3. Nf3 {[%emt 0:00:01]} Nf6 {[%emt 0:00:01]} 4. Nc3 {[%emt 0:00:00]} c6 {[%emt 0:00:01]} 5. e3 {[%emt 0:00:01]} Nbd7 {[%emt 0:00:02]} 6. Bd3 {[%emt 0:00:00]} Bd6 {[%emt 0:00:01]} 7. O-O {[%emt 0:00:01]} O-O {[%emt 0:00:00]} 8. Qc2 {[%emt 0:00:03]} e5 {[%emt 0:00:10]} 9. dxe5 {[%emt 0:00:07]} Nxe5 {[%emt 0:00:00]} 10. Nxe5 {[%emt 0:00:03]} Bxe5 {[%emt 0:00:00]} 11. cxd5 {[%emt 0:00:07]} Bxh2+ {[%emt 0:00:41]} 12. Kxh2 {[%emt 0:00:05]} Ng4+ {[%emt 0:00:01]} 13. Kg1 {[%emt 0:00:05]} Qh4 {[%emt 0:00:02]} 14. Rd1 {[%emt 0:00:26]} Qh2+ {[%emt 0:00:18]} 15. Kf1 {[%emt 0:00:01]} h6 {[%emt 0:00:20]} 16. dxc6 {[%emt 0:00:19]} Re8 {[%emt 0:00:09]} 17. Be4 {[%emt 0:00:14]} bxc6 {[%emt 0:00:16]} 18. Bxc6 {[%emt 0:00:23]} Ba6+ {[%emt 0:00:05]} 19. Bb5 {[%emt 0:00:07]} Qh1+ {[%emt 0:00:21]} 20. Ke2 {[%emt 0:00:03]} Qxg2 {[%emt 0:00:01]} 21. Bxa6 {[%emt 0:00:26]} Qxf2+ {[%emt 0:00:03]} 22. Kd3 {[%emt 0:00:01]} Rad8+ {[%emt 0:00:16]} 23. Kc4 {[%emt 0:00:03]} Qxc2 {[%emt 0:00:04]} 24. Rxd8 {[%emt 0:00:17]} Rxd8 {[%emt 0:00:00]} 25. Kb4 {[%emt 0:00:10]} Rb8+ {[%emt 0:00:07]} 26. Ka3 {[%emt 0:00:04]} Qf5 {[%emt 0:00:12]} 27. b4 {[%emt 0:00:11]} Qf6 {[%emt 0:00:07]} 28. Bb2 {[%emt 0:00:05]} Qxa6+ {[%emt 0:00:01]} 29. Kb3 {[%emt 0:00:06]} Nxe3 {[%emt 0:00:01]} 30. a3 {[%emt 0:00:11]} Qc4+ {[%emt 0:00:02]} 31. Ka4 {[%emt 0:00:03]} Rb6 {[%emt 0:00:04] XsuperMario resigns} 0-1